[Event "Muensterland Verbandsliga 1718"]
[Site "Germany"]
[Date "2017.12.09"]
[Round "4.6"]
[White "Janning, Rainer"]
[Black "Stumpe, Danny"]
[Result "0-1"]
[WhiteElo "1901"]
[BlackElo "1685"]
[PlyCount "84"]
[EventDate "2017.09.09"]
[EventType "team-tourn"]
[EventRounds "9"]
[EventCountry "GER"]
[SourceTitle "EXT 2019"]
[Source "ChessBase"]
[SourceDate "2018.10.10"]
[SourceVersion "1"]
[SourceVersionDate "2018.10.10"]
[SourceQuality "1"]
[WhiteTeam "Steinfurt"]
[BlackTeam "Muenster SK IV"]
[WhiteTeamCountry "GER"]
[BlackTeamCountry "GER"]

1. f4 c6 2. Nf3 d5 3. e3 Nf6 4. g3 Nbd7 5. Bg2 Qc7 6. b3 e5 7. Bb2 Bd6 8. 0-0 0-0 9. a4 b6 10. Nh4 Re8 11. Na3 Nf8 12. f5 Qe7 13. c4 Bb7 14. cxd5 cxd5 15. Nb5 Bb4 16. Nc3 d4 17. exd4 Bxg2 18. Nxg2 exd4 19. Nb5 Bc5 20. d3 Qd7 21. Qf3 a6 22. Na3 Nd5 23. Rfe1 Ne3 24. g4 Rad8 25. Re2 Qd6 26. Nc4 Qh6 27. Rae1 Nd7 28. Ngxe3 dxe3 29. Kg2 Nf6 30. h3 Rxd3 31. Qc6 Red8 32. Bxf6 Qxf6 33. Qxf6 gxf6 34. Nxe3 Rxb3 35. Nf1 Rdd3 36. h4 Rh3 37. Rb2 Ra3 38. a5 Rxh4 39. Re4 Rxa5 40. Ng3 Ra1 41. Nh5 Rg1+ 42. Kf3 Rh3+ 0-1

[Event "Muensterland Verbandsliga 1617"]
[Site "Germany"]
[Date "2017.05.06"]
[Round "9.7"]
[White "Stumpe, Danny"]
[Black "Hoeing, Johannes"]
[Result "1/2-1/2"]
[WhiteElo "1700"]
[BlackElo "1801"]
[PlyCount "51"]
[EventDate "2016.09.10"]
[EventType "team"]
[EventRounds "9"]
[EventCountry "GER"]
[SourceTitle "EXT 2018"]
[Source "ChessBase"]
[SourceDate "2017.10.13"]
[SourceVersion "1"]
[SourceVersionDate "2017.10.13"]
[SourceQuality "1"]
[WhiteTeam "Muenster SK IV"]
[BlackTeam "Suedlohn II"]
[WhiteTeamCountry "GER"]
[BlackTeamCountry "GER"]

1. e4 e6 2. d4 d5 3. Nc3 Bb4 4. exd5 exd5 5. Nf3 Bg4 6. Be2 Ne7 7. Bg5 f6 8. Bf4 Bd6 9. Qd2 Nbc6 10. Nb5 Nc8 11. Qe3+ Kf7 12. Nxd6+ Nxd6 13. 0-0 Re8 14. Qd3 Bf5 15. Qd1 g5 16. Be3 Bg6 17. c3 Nf5 18. Bd2 Qd6 19. Ne1 Kg7 20. Bd3 Rf8 21. f4 h6 22. fxg5 fxg5 23. Qc2 Nh4 24. Rxf8 Rxf8 25. Bxg6 Qxg6 26. Qxg6+ 1/2-1/2

[Event "Muensterland Verbandsliga 1516"]
[Site "Germany"]
[Date "2016.04.23"]
[Round "8.3"]
[White "Vestrick, Frank"]
[Black "Stumpe, Danny"]
[Result "0-1"]
[WhiteElo "1740"]
[BlackElo "1708"]
[PlyCount "90"]
[EventDate "2015.09.12"]
[EventType "team"]
[EventRounds "9"]
[EventCountry "GER"]
[SourceTitle "EXT 2017"]
[Source "ChessBase"]
[SourceDate "2016.10.25"]
[SourceVersion "1"]
[SourceVersionDate "2016.10.25"]
[SourceQuality "1"]
[WhiteTeam "Heiden"]
[BlackTeam "Muenster SK V"]
[WhiteTeamCountry "GER"]
[BlackTeamCountry "GER"]

1. d4 g6 2. c4 d6 3. Nc3 Bg7 4. e4 Nd7 5. Be3 Ngf6 6. f3 c6 7. Qd2 a6 8. a4 Qa5 9. Rb1 Qb4 10. Bd3 e5 11. d5 Nc5 12. b3 Bd7 13. Nge2 cxd5 14. Bxc5 Qxc5 15. b4 Qa7 16. exd5 0-0 17. Ng3 Qd4 18. Nce2 Qh4 19. Qc2 Bh6 20. 0-0 Rac8 21. Ne4 Nxd5 22. Nxd6 Rc6 23. b5 Ne3 24. bxc6 Nxc2 25. cxd7 Ne3 26. g3 Qh3 27. Rf2 Qxd7 28. c5 Qxa4 29. Nc3 Qa3 30. Nde4 Qa5 31. Rxb7 f5 32. Ra2 Qd8 33. Nd6 f4 34. g4 Qh4 35. Ra1 Qh3 36. Bf1 Qxf3 37. h3 Qg3+ 38. Kh1 Nxf1 39. Rxf1 Qxh3+ 40. Kg1 Qxg4+ 41. Kf2 Qg3+ 42. Ke2 Qe3+ 43. Kd1 Qd3+ 44. Ke1 Qxc3+ 45. Kf2 Qxc5+ 0-1

[Event "Muensterland Verbandsliga 1415"]
[Site "Germany"]
[Date "2015.03.14"]
[Round "7.4"]
[White "Schemmann, Bernhard"]
[Black "Stumpe, Danny"]
[Result "0-1"]
[WhiteElo "1845"]
[BlackElo "1674"]
[PlyCount "110"]
[EventDate "2014.09.06"]
[EventType "team-tourn"]
[EventRounds "9"]
[EventCountry "GER"]
[SourceTitle "EXT 2016"]
[Source "ChessBase"]
[SourceDate "2015.10.08"]
[SourceVersion "1"]
[SourceVersionDate "2015.10.08"]
[SourceQuality "1"]
[WhiteTeam "Beelen"]
[BlackTeam "Muenster V"]
[WhiteTeamCountry "GER"]
[BlackTeamCountry "GER"]

1. e4 c6 2. c4 d5 3. exd5 cxd5 4. cxd5 Qxd5 5. Nc3 Qa5 6. Bc4 Nc6 7. d4 Nf6 8. Be3 e6 9. Nge2 Be7 10. 0-0 0-0 11. a3 a6 12. b4 Qc7 13. Bb3 b5 14. Qc2 Bb7 15. Rfd1 Bd6 16. Ng3 Ne7 17. Nce2 Qd7 18. Bf4 Rac8 19. Qd3 Rc6 20. Bg5 Ned5 21. Bc2 Rfc8 22. Rac1 g6 23. Bb1 Rxc1 24. Rxc1 Rxc1+ 25. Bxc1 Qc6 26. f3 Nb6 27. Bg5 Nfd5 28. Bd2 Nc4 29. Bc1 a5 30. bxa5 Nxa5 31. Ne4 Be7 32. N2c3 f5 33. Nc5 Bxc5 34. Nxd5 Bxd4+ 35. Be3 Qxd5 36. Qxd4 Nc4 37. Qxd5 Bxd5 38. Bc5 Kf7 39. Bd3 e5 40. Bxc4 bxc4 41. Bb4 h5 42. Kf2 Ke6 43. g3 Bc6 44. h4 f4 45. gxf4 exf4 46. Bc3 Kf5 47. Kg2 g5 48. hxg5 Kxg5 49. Be5 Kf5 50. Bc3 h4 51. Kh3 Bxf3 52. Kxh4 Ke4 53. Kg5 Bd1 54. Kh4 Ke3 55. Kh3 f3 0-1

[Event "Muensterland Verbandsliga 1314"]
[Site "Germany"]
[Date "2014.04.05"]
[Round "8.5"]
[White "Stumpe, Danny"]
[Black "Waeltermann, Thomas"]
[Result "1/2-1/2"]
[WhiteElo "1673"]
[BlackElo "1789"]
[PlyCount "118"]
[EventDate "2013.09.07"]
[EventType "team-tourn"]
[EventRounds "9"]
[EventCountry "GER"]
[SourceTitle "EXT 2015"]
[Source "ChessBase"]
[SourceDate "2014.11.20"]
[SourceVersion "1"]
[SourceVersionDate "2014.11.20"]
[SourceQuality "1"]
[WhiteTeam "Ostbevern Westbevern"]
[BlackTeam "Beelen"]
[WhiteTeamCountry "GER"]
[BlackTeamCountry "GER"]

1. e4 c5 2. c3 d5 3. exd5 Qxd5 4. d4 Nc6 5. Be3 cxd4 6. cxd4 e5 7. Nc3 Bb4 8. a3 Bxc3+ 9. bxc3 exd4 10. cxd4 Nf6 11. Nf3 0-0 12. Be2 Ne4 13. Qa4 Nc3 14. Qc4 Qxc4 15. Bxc4 Na5 16. Rc1 Nxc4 17. Rxc3 Be6 18. 0-0 Rfc8 19. Rfc1 Nb6 20. Rc7 Bd5 21. Ne5 f6 22. Nd3 Rxc7 23. Rxc7 Rc8 24. Rxc8+ Nxc8 25. f3 Kf7 26. Kf2 Nd6 27. Bc1 a6 28. Nc5 Nf5 29. Bb2 Ke7 30. Ke2 Kd6 31. g4 Nh4 32. Ne4+ Kc6 33. g5 f5 34. Nd2 Kb5 35. Kf2 f4 36. Ke2 g6 37. Bc1 Nf5 38. Kd3 Nh4 39. Ke2 Bc4+ 40. Kf2 Nf5 41. Ne4 Nxd4 42. Bxf4 Ka4 43. Nc5+ Kxa3 44. Nxb7 Bd5 45. Nc5 a5 46. Bd6 Ka2 47. f4 Nf5 48. Bc7 a4 49. Nxa4 Kb3 50. Nb6 Bc6 51. Be5 Kc2 52. Bf6 Kd3 53. Be5 Ke4 54. Nc4 Kd3 55. Nb2+ Ke4 56. Nd1 Kd3 57. Nb2+ Ke4 58. Nc4 Kd3 59. Na3 Ne3 1/2-1/2

[Event "Muensterland Verbandsliga 1314"]
[Site "Germany"]
[Date "2013.11.16"]
[Round "3.6"]
[White "Broemmel, Rudolf"]
[Black "Stumpe, Danny"]
[Result "1-0"]
[WhiteElo "1883"]
[BlackElo "1673"]
[PlyCount "83"]
[EventDate "2013.09.07"]
[EventType "team-tourn"]
[EventRounds "9"]
[EventCountry "GER"]
[SourceTitle "EXT 2015"]
[Source "ChessBase"]
[SourceDate "2014.11.20"]
[SourceVersion "1"]
[SourceVersionDate "2014.11.20"]
[SourceQuality "1"]
[WhiteTeam "Raesfeld Erle"]
[BlackTeam "Ostbevern Westbevern"]
[WhiteTeamCountry "GER"]
[BlackTeamCountry "GER"]

1. d4 d6 2. g3 g6 3. Bg2 Bg7 4. c3 Nd7 5. Nf3 e5 6. 0-0 Ne7 7. Qb3 0-0 8. Rd1 Qe8 9. Na3 a6 10. Nc4 e4 11. Nfd2 d5 12. Ne3 c6 13. f3 Nf5 14. Nxf5 gxf5 15. Nf1 Qe6 16. Bf4 Nf6 17. Be5 Nh5 18. Bxg7 Kxg7 19. f4 Nf6 20. a4 a5 21. Ne3 b5 22. Bh3 Ng4 23. Bxg4 fxg4 24. axb5 cxb5 25. Qxb5 Ba6 26. Qxd5 Qxd5 27. Nxd5 Bxe2 28. Rd2 Bd3 29. Nb6 Ra7 30. Na4 Re8 31. Nc5 Bc4 32. b3 Bd5 33. Re2 e3 34. Rae1 Rb8 35. c4 Bf3 36. Rxe3 a4 37. Nxa4 Rxa4 38. bxa4 Rb2 39. Rxf3 gxf3 40. Re3 Rb4 41. Rc3 Rxa4 42. Kf2 1-0

[Event "GER-chT Universities"]
[Site "Augsburg"]
[Date "2010.10.10"]
[Round "6.4"]
[White "Meier, Desiderius"]
[Black "Stumpe, Danny"]
[Result "1-0"]
[WhiteElo "1973"]
[BlackElo "1461"]
[PlyCount "43"]
[EventDate "2010.10.06"]
[EventType "team-swiss"]
[EventRounds "6"]
[EventCountry "GER"]
[SourceTitle "EXT 2016"]
[Source "ChessBase"]
[SourceDate "2015.10.08"]
[SourceVersion "1"]
[SourceVersionDate "2015.10.08"]
[SourceQuality "1"]
[WhiteTeam "Muenchen LMU"]
[BlackTeam "Muenster Uni II"]
[WhiteTeamCountry "GER"]
[BlackTeamCountry "GER"]

1. e4 g6 2. d4 d6 3. b3 Nd7 4. Bb2 Bg7 5. Bd3 c6 6. Ne2 Qc7 7. 0-0 Ngf6 8. c4 e5 9. f4 exd4 10. Bxd4 0-0 11. h3 Re8 12. Nbc3 Nf8 13. f5 c5 14. Bxf6 Bxf6 15. Nd5 Qd8 16. fxg6 Nd7 17. gxf7+ Kxf7 18. Nxf6 Nxf6 19. Nf4 Kg8 20. Qf3 Re7 21. Rae1 Nd7 22. Ne6 1-0

[Event "GER-chT Universities"]
[Site "Augsburg"]
[Date "2010.10.08"]
[Round "4.4"]
[White "Stumpe, Danny"]
[Black "Ritzka, Simon"]
[Result "1/2-1/2"]
[WhiteElo "1461"]
[BlackElo "1740"]
[PlyCount "87"]
[EventDate "2010.10.06"]
[EventType "team-swiss"]
[EventRounds "6"]
[EventCountry "GER"]
[SourceTitle "EXT 2016"]
[Source "ChessBase"]
[SourceDate "2015.10.08"]
[SourceVersion "1"]
[SourceVersionDate "2015.10.08"]
[SourceQuality "1"]
[WhiteTeam "Muenster Uni II"]
[BlackTeam "Augsburg Uni II"]
[WhiteTeamCountry "GER"]
[BlackTeamCountry "GER"]

1. e4 e6 2. Nf3 d5 3. exd5 exd5 4. d4 Bd6 5. Be2 Ne7 6. 0-0 Bf5 7. b3 Nd7 8. Bb2 Nf6 9. c4 c6 10. Bd3 Bg6 11. Re1 0-0 12. Qc2 Qd7 13. Nbd2 Bxd3 14. Qxd3 Ng6 15. Ne5 Bxe5 16. dxe5 dxc4 17. Qxd7 Nxd7 18. Nxc4 Rad8 19. g3 Nc5 20. Re2 Rfe8 21. f4 Rd5 22. Kf1 Nf8 23. Ba3 Nfe6 24. Ne3 Rd3 25. f5 Nd4 26. Bxc5 Nxe2 27. Kxe2 Red8 28. Bd6 Rd4 29. Nc2 Rg4 30. Kf3 h5 31. h3 Rg5 32. Ne3 h4 33. g4 f6 34. Be7 Rd7 35. exf6 Kf7 36. Bb4 gxf6 37. Rd1 Rxd1 38. Nxd1 Rg8 39. Nb2 Rd8 40. Ke3 Re8+ 41. Kf3 Rd8 42. Ke3 b6 43. Nd3 Re8+ 44. Kf3 1/2-1/2

[Event "GER-chT Universities"]
[Site "Augsburg"]
[Date "2010.10.07"]
[Round "3.4"]
[White "Sedelmayr, Werner"]
[Black "Stumpe, Danny"]
[Result "1-0"]
[WhiteElo "1660"]
[BlackElo "1461"]
[PlyCount "63"]
[EventDate "2010.10.06"]
[EventType "team-swiss"]
[EventRounds "6"]
[EventCountry "GER"]
[SourceTitle "EXT 2016"]
[Source "ChessBase"]
[SourceDate "2015.10.08"]
[SourceVersion "1"]
[SourceVersionDate "2015.10.08"]
[SourceQuality "1"]
[WhiteTeam "Augsburg Uni III"]
[BlackTeam "Muenster Uni II"]
[WhiteTeamCountry "GER"]
[BlackTeamCountry "GER"]

1. e4 g6 2. d4 Bg7 3. Nc3 d6 4. Be3 c6 5. Qd2 b5 6. 0-0-0 Nf6 7. f3 a5 8. Bh6 0-0 9. h4 a4 10. h5 b4 11. Nce2 Qa5 12. Bxg7 Kxg7 13. hxg6 fxg6 14. Qh6+ Kg8 15. Nf4 Kf7 16. g4 Ke8 17. e5 dxe5 18. dxe5 Nd5 19. Nxd5 cxd5 20. Qxh7 Qb6 21. Qh6 Ba6 22. Bxa6 Rxa6 23. Rxd5 b3 24. a3 bxc2 25. Qd2 Nc6 26. Qxc2 Nd4 27. Qc8+ Kf7 28. Rh7+ Kg8 29. Rh8+ Kxh8 30. Qxf8+ Kh7 31. Qxe7+ Kh6 32. Qh4+ 1-0

[Event "GER-chT Universities"]
[Site "Augsburg"]
[Date "2010.10.07"]
[Round "2.4"]
[White "Sobierska, Wioletta"]
[Black "Stumpe, Danny"]
[Result "1/2-1/2"]
[WhiteElo "1986"]
[BlackElo "1461"]
[PlyCount "40"]
[EventDate "2010.10.06"]
[EventType "team-swiss"]
[EventRounds "6"]
[EventCountry "GER"]
[SourceTitle "EXT 2016"]
[Source "ChessBase"]
[SourceDate "2015.10.08"]
[SourceVersion "1"]
[SourceVersionDate "2015.10.08"]
[SourceQuality "1"]
[WhiteTeam "Poznan FH II"]
[BlackTeam "Muenster Uni II"]
[WhiteTeamCountry "POL"]
[BlackTeamCountry "GER"]

1. e4 g6 2. Nf3 Bg7 3. d4 d6 4. Be2 Nf6 5. Nc3 0-0 6. 0-0 Nbd7 7. Bg5 Nb6 8. Qd2 c6 9. a4 Bg4 10. Rfd1 Qc7 11. Qf4 e5 12. Qg3 exd4 13. Nxd4 Bxe2 14. Ndxe2 Nc4 15. Qd3 d5 16. Rab1 Nxe4 17. Nxe4 Nxb2 18. Qg3 Qxg3 19. N4xg3 Nxd1 20. Rxd1 Rfe8 1/2-1/2